000 00436nam a2200145Ia 4500
008 100122s9999 xx 000 0 und d
082 _b8113
_a822
100 _aअत्रे प्रल्हाद केशव
245 _aघराबाहेर
260 _bशिवराम हरि गद्रे
_c1941
300 _a60
630 _aघराबाहेर
730 _aघराबाहेर
942 _cBOOK
999 _c400520
_d400517